Loading...
| Science - Physics | 0 | 5 | 0 | 1 | 50 | 92 | 104.60 | 0 | 2 | 1.91 | 11.88 |
| Science - Other | 0 | 4 | 0 | 0 | 40 | 35 | 66.50 | 2 | 3 | 8.34 | 15.50 |
| History - Other | 0 | 4 | 0 | 1 | 40 | 65 | 105.00 | 0 | 1 | 3.16 | 8.38 |
| Science - Chemistry | 0 | 4 | 0 | 3 | 40 | 101 | 117.75 | 0 | 1 | 0.41 | 4.63 |
| Fine Arts - Classical Music | 0 | 4 | 0 | 0 | 40 | 50 | 87.25 | 1 | 1 | 6.46 | 11.50 |
| Science - Biology | 0 | 4 | 2 | 1 | 30 | 107 | 114.75 | 0 | 0 | 1.48 | 6.00 |
| Religion | 0 | 3 | 0 | 0 | 30 | 61 | 95.33 | 2 | 2 | 4.33 | 12.50 |
| History - American | 0 | 3 | 1 | 1 | 25 | 91 | 111.33 | 0 | 0 | 1.04 | 2.00 |
| Fine Arts - Other | 0 | 2 | 0 | 1 | 20 | 134 | 139.00 | 0 | 1 | 0.37 | 5.00 |
| Social Science | 0 | 1 | 0 | 0 | 10 | 115 | 115.00 | 0 | 1 | 0.00 | 1.25 |
| Geography/Current Events | 0 | 1 | 0 | 1 | 10 | 117 | 117.00 | 0 | 0 | 0.00 | 0.83 |
| History - European | 0 | 1 | 0 | 1 | 10 | 131 | 131.00 | 0 | 0 | 0.00 | 0.50 |
| Literature - American | 0 | 1 | 0 | 0 | 10 | 125 | 125.00 | 0 | 0 | 0.47 | 1.00 |
| Literature - British | 0 | 1 | 0 | 0 | 10 | 86 | 86.00 | 0 | 1 | 2.07 | 4.50 |
| Other Academic | 0 | 1 | 0 | 0 | 10 | 110 | 110.00 | 0 | 1 | 2.88 | 12.50 |
| Philosophy | 0 | 1 | 1 | 0 | 5 | 99 | 99.00 | 0 | 0 | 0.81 | 2.00 |
| Fine Arts - Visual | 0 | 1 | 1 | 0 | 5 | 135 | 135.00 | 0 | 0 | 0.00 | 1.00 |
| Mythology | 0 | 0 | 0 | 0 | 0 | 0.00 | 0 | 0 | 0.00 | 0.00 | |
| Literature - World/Other | 0 | 0 | 0 | 0 | 0 | 0.00 | 0 | 0 | 0.00 | 0.00 | |
| Literature - European | 0 | 0 | 0 | 0 | 0 | 0.00 | 0 | 0 | 0.00 | 0.00 |